Prueba de Nicaragua - Estadísticas

Estadísticas generales
  • Esta prueba ha sido intentada 1.397 veces
  • La puntuación promedio es 11 de 20
Estadísticas de respuestas
Pista Respuesta % Correcto
Idioma oficial Español
99%
Capital de Nicaragua Managua
93%
Países limítrofes Honduras
90%
Países limítrofes Costa Rica
89%
Mar que bordea Nicaragua por el este Mar Caribe
83%
El deporte más popular Béisbol
76%
País que ocupó Nicaragua durante las guerras del plátano entre 1912 y 1933 Estados Unidos
74%
Los EE.UU. tenían la intención de construir un ____ a través de Nicaragua, pero finalmente lo construyeron más al sur Canal
71%
El país que controló esa costa entre 1638-1787 y 1844-1860 Reino Unido
56%
La ciudad europea más antigua de América continental, llamada así por una ciudad del sur de España Granada
54%
El lago más grande Lago Nicaragua
44%
El fundador de esas dos ciudades, homónimo de la moneda nicaragüense Francisco Hernández de {Córdoba}
39%
Líder de Nicaragua desde 2007 Daniel {Ortega}
38%
La segunda ciudad más poblada de Nicaragua, llamada así por una ciudad del norte de España León
36%
La isla más grande de ese lago tiene dos ______, llamados Concepción y Maderas Volcanes
34%
Ese lago es el único gran lago de agua dulce del mundo que está infestado de este tipo de peces Tiburones
33%
Un nombre histórico desagradable para la costa este de Nicaragua Costa de {Mosquitos}
28%
Partido político socialista radical que gobernó Nicaragua de 1979 a 1990 Sandinista
28%
Nombre de los grupos rebeldes que se opusieron a la respuesta anterior, que recibieron dinero y armas de ciertos elementos en los EE.UU. incluyendo a Oliver North Contras
19%
Río que forma gran parte de la frontera norte de Nicaragua Río Coco
10%
No se encontraron pruebas coincidentes
Distribución de puntuación
Porcentaje de gente con cada puntuación
Porcentaje por número respondido
Historial de tus puntuaciones
No has intentado esta prueba.